Music Quiz

Random Music or Album Quiz

5-word Album Title Matchup Quiz Stats

 Plays Quiz not verified by Sporcle

Challenge
Share
Tweet
Score 0/25 Timer 08:00
0 Plays Today
% Correct
Oops!...
96%
(What's
92.6%
The
87.7%
Parsley
83.7%
Dirty
79.4%
Get
69.2%
Every
66.5%
The
60.3%
Please
60%
The
60%
Yoshimi
55.1%
Open
52.9%
Fear
52%
% Correct
Songs
51.4%
The
50.2%
Born
48.6%
Yourself
48.3%
In
43.1%
Willy
42.8%
Bringing
42.2%
Girl
42.2%
Under
41.5%
My
40.9%
The
36.9%
Songs
31.1%

You're not logged in!

Compare scores with friends on all Sporcle quizzes.
Join for Free
OR
Log In

You Might Also Like...

Show Comments

Extras

Top Quizzes Today


Score Distribution

Your Account Isn't Verified!

In order to create a playlist on Sporcle, you need to verify the email address you used during registration. Go to your Sporcle Settings to finish the process.

Report this User

Report this user for behavior that violates our Community Guidelines.

Details: